000 00708nam a22001937a 4500
003 BD-DhUL
005 20170517103148.0
008 170517s2006 bg a|||| |||| 00| 0 ben
020 _a9848150139
040 _aBD-DhUL
_cBD-DhUL
082 _a891.443
_bLUR
100 1 _aলুত্‌ফর, রহমান মোহাম্মদ
245 0 0 _aরোড নম্বর বত্রিশ /
_cরহমান মোহাম্মদ লুত্‌ফর
260 _aঢাকা :
_bকাশবন,
_c২০০৬
300 _a২৩৯ পৃ. :
_bচিত্র ;
_c২২ সেমি.
650 4 _aবাংলা উপন্যাস
650 4 _aBBengali fiction
942 _2ddc
_cBK
999 _c198260
_d198260